Beatificationis et canonizationis servi dei Sac. Timothei Giaccardo vicarii generalis Piae Societatis a Sancto Paulo ap. (Record n. 76266)
[ formato base ]
| 000 -LEADER | |
|---|---|
| fixed length control field | 01178nam a2200301Ia 4500 |
| 001 - CONTROL NUMBER | |
| control field | 1392 |
| 003 - CONTROL NUMBER IDENTIFIER | |
| control field | IT-RoPAU |
| 008 - FIXED-LENGTH DATA ELEMENTS--GENERAL INFORMATION | |
| fixed length control field | 130308s9999 xx 000 0 und d |
| 040 ## - CATALOGING SOURCE | |
| Original cataloging agency | IT-RoPAU |
| 040 ## - CATALOGING SOURCE | |
| Transcribing agency | IT-RoPAU |
| 041 ## - LANGUAGE CODE | |
| Language code of text/sound track or separate title | ITALIANO |
| 999 ## - SYSTEM CONTROL NUMBERS (KOHA) | |
| Koha Dewey Subclass [OBSOLETE] | SI |
| 100 ## - MAIN ENTRY--PERSONAL NAME | |
| Personal name | Lamera Atanasio Stefano |
| 100 ## - MAIN ENTRY--PERSONAL NAME | |
| Miscellaneous information | Codice Aut. SPICS: 4908 |
| 245 ## - TITLE STATEMENT | |
| Title | Beatificationis et canonizationis servi dei Sac. Timothei Giaccardo vicarii generalis Piae Societatis a Sancto Paulo ap. |
| 245 ## - TITLE STATEMENT | |
| Remainder of title | Beatificationis et Canonizationis Servi dei Sac. Timothei Giaccardo Vicarii Generalis Piae Societatis a Sancto Paulo Ap. |
| 250 ## - EDITION STATEMENT | |
| Edition statement | 1a ed. |
| 260 ## - PUBLICATION, DISTRIBUTION, ETC. (IMPRINT) | |
| Place of publication, distribution, etc. | ROMA |
| 260 ## - PUBLICATION, DISTRIBUTION, ETC. (IMPRINT) | |
| Name of publisher, distributor, etc. | Edizioni Paoline |
| 260 ## - PUBLICATION, DISTRIBUTION, ETC. (IMPRINT) | |
| Date of publication, distribution, etc. | 1955 [1° Ed.:1955 - Ed.Ling.Originale:1955] |
| 300 ## - PHYSICAL DESCRIPTION | |
| Extent | "48 p. (prefazione: no ; testo: 48)" |
| 500 ## - GENERAL NOTE | |
| General note | Vita del Servo di Dio Don Timoteo Giaccardo Sue virtù Eroiche di fede speranza Carità Prudenza Giustizia Fortezza Temperanza Povertà Castità Obbedienza Umiltà doni spirituali Morte Preziosa in fama di Santità grazie Ricevute |
| 650 ## - SUBJECT ADDED ENTRY--TOPICAL TERM | |
| Topical term or geographic name as entry element | AUTORI/OPERE FAMIGLIA PAOLINA |
| 650 ## - SUBJECT ADDED ENTRY--TOPICAL TERM | |
| Relator term | Codice materia Spics: 9903 |
| 942 ## - ADDED ENTRY ELEMENTS (KOHA) | |
| Koha item type | LIBRO |
| 957 ## - | |
| -- | 1 |
| 999 ## - SYSTEM CONTROL NUMBERS (KOHA) | |
| -- | 1 |
| Withdrawn status | Lost status | Damaged status | Not for loan | Home library | Current library | Date acquired | Total Checkouts | Full call number | Date last seen | Price effective from | Koha item type | Public note |
|---|---|---|---|---|---|---|---|---|---|---|---|---|
| Buone Condizioni | Not For Loan | SPICS-MEDIATECA | SPICS-MEDIATECA | 08/03/2013 | 1392 | 08/03/2013 | 08/03/2013 | LIBRO | Progressivo inserimento: 60349 / N. Volumi: 1 Copie: 1 Copia Rara: SI / data import: 1 marzo 2013 - By Epidotti, Trombetti, Vaglietti. |